000 00733nam a2200241Ia 4500
003 OSt
005 20220925203839.0
006 a|||||r|||| 00| 0
007 ta
008 220923b |||||||| |||| 00| 0 eng d
037 _cGeneral Book
040 _aRTL
_cRTL
_beng
041 _2eng
_aeng
082 _aY:393, L5
100 _aGoldberg Alvin A
_9131805
245 0 _aGroup communication
_b Discussion processes and application
260 _aEnglewood
_bCliffs Prentice-Hall New Jersey
_c1975
300 _axvii, 184p
_ccm.
650 _aSocial Communication
_9230136
700 _a Larson Carl E
_9131806
942 _hY:393, L5
_cGB
_2CC
999 _c547906
_d547906